00858nam a2200277 a 450000100060000000300080000600500170001400800410003102000150007202000150008703500190010204000270012104100080014808200240015610000260018024500930020626000510029930000250035049000400037550400290041565000190044465000170046365000220048070000380050283000400054069912BD-RjUL20211209081936.0170415s1974 gw b 000 0 eng d a0387069704 a3540069704 a(BD-RjUL)70124 aDLCcDLCdBD-RjULbeng aeng00223a519.2bWEM 19741 aWeiss, Lionel.d1923-10aMaximum probability estimators and related topics /cLionel Weiss [and] Jacob Wolfowitz. aBerlin ;aNew York :bSpringer-Verlag,cc1974. aiv, 106 p. ;c25 cm.1 aLecture notes in mathematics,v424. aIncludes bibliographies. 0aProbabilities. 0aMathematics. 0aComputer science.1 aWolfowitz, Jacob.e[joint author] 0aLecture notes in mathematics,v424.